<?xml version="1.0" encoding="UTF-8"?>
<record
    xmlns:xsi="http://www.w3.org/2001/XMLSchema-instance"
    xsi:schemaLocation="http://www.loc.gov/MARC21/slim http://www.loc.gov/standards/marcxml/schema/MARC21slim.xsd"
    xmlns="http://www.loc.gov/MARC21/slim">

  <leader>00804nam0a22002291  4500</leader>
  <controlfield tag="001">rc\56283</controlfield>
  <controlfield tag="005">20250620163131.0</controlfield>
  <datafield tag="035" ind1=" " ind2=" ">
    <subfield code="a">(NLR Aleph) 005333450</subfield>
  </datafield>
  <datafield tag="090" ind1=" " ind2=" ">
    <subfield code="a">6616402</subfield>
    <subfield code="c">6616402</subfield>
  </datafield>
  <datafield tag="100" ind1=" " ind2=" ">
    <subfield code="a">20021216d1992    |||y0rusy50      ca</subfield>
  </datafield>
  <datafield tag="101" ind1="0" ind2=" ">
    <subfield code="a">rus</subfield>
  </datafield>
  <datafield tag="102" ind1=" " ind2=" ">
    <subfield code="a">RU</subfield>
  </datafield>
  <datafield tag="105" ind1=" " ind2=" ">
    <subfield code="a">y   |||||||||</subfield>
  </datafield>
  <datafield tag="200" ind1="1" ind2=" ">
    <subfield code="a">&#x418;&#x437; &#x438;&#x441;&#x442;&#x43E;&#x440;&#x438;&#x438; &#x43C;&#x443;&#x437;&#x44B;&#x43A;&#x430;&#x43B;&#x44C;&#x43D;&#x43E;&#x439; &#x436;&#x438;&#x437;&#x43D;&#x438; &#x420;&#x43E;&#x441;&#x441;&#x438;&#x438; (XIX-XX &#x432;&#x432;.)</subfield>
    <subfield code="e">[&#x421;&#x431;. &#x441;&#x442;.]</subfield>
    <subfield code="f">&#x41C;&#x43E;&#x441;&#x43A;. &#x433;&#x43E;&#x441;. &#x43A;&#x43E;&#x43D;&#x441;&#x435;&#x440;&#x432;&#x430;&#x442;&#x43E;&#x440;&#x438;&#x44F; &#x438;&#x43C;. &#x41F;.&#x418;. &#x427;&#x430;&#x439;&#x43A;&#x43E;&#x432;&#x441;&#x43A;&#x43E;&#x433;&#x43E;</subfield>
    <subfield code="g">[&#x41E;&#x442;&#x432;. &#x440;&#x435;&#x434;. &#x415;.&#x41A;. &#x41A;&#x443;&#x43B;&#x43E;&#x432;&#x430;]</subfield>
  </datafield>
  <datafield tag="210" ind1=" " ind2=" ">
    <subfield code="a">&#x41C;.</subfield>
    <subfield code="c">&#x41C;&#x43E;&#x441;&#x43A;. &#x433;&#x43E;&#x441;. &#x43A;&#x43E;&#x43D;&#x441;&#x435;&#x440;&#x432;&#x430;&#x442;&#x43E;&#x440;&#x438;&#x44F;</subfield>
    <subfield code="d">1992</subfield>
  </datafield>
  <datafield tag="215" ind1=" " ind2=" ">
    <subfield code="a">145 &#x441;.</subfield>
    <subfield code="c">&#x43D;&#x43E;&#x442;.</subfield>
    <subfield code="d">21</subfield>
  </datafield>
  <datafield tag="320" ind1=" " ind2=" ">
    <subfield code="a">&#x411;&#x438;&#x431;&#x43B;&#x438;&#x43E;&#x433;&#x440;. &#x432; &#x43A;&#x43E;&#x43D;&#x446;&#x435; &#x441;&#x442;.</subfield>
  </datafield>
  <datafield tag="801" ind1=" " ind2="0">
    <subfield code="a">RU</subfield>
    <subfield code="b">NLR</subfield>
    <subfield code="g">psbo</subfield>
  </datafield>
  <datafield tag="801" ind1=" " ind2="1">
    <subfield code="a">RU</subfield>
    <subfield code="b">ELAR</subfield>
    <subfield code="2">rusmarc</subfield>
  </datafield>
  <datafield tag="852" ind1=" " ind2=" ">
    <subfield code="a">NLR</subfield>
    <subfield code="j">95-3/5774</subfield>
  </datafield>
  <datafield tag="942" ind1=" " ind2=" ">
    <subfield code="c">BOOK</subfield>
  </datafield>
  <datafield tag="980" ind1=" " ind2=" ">
    <subfield code="a">NB</subfield>
  </datafield>
  <datafield tag="995" ind1=" " ind2=" ">
    <subfield code="5">2013-10-26</subfield>
    <subfield code="b">NLR01</subfield>
    <subfield code="c">NLR01</subfield>
    <subfield code="e">RF8</subfield>
    <subfield code="f">5333450-10</subfield>
    <subfield code="k">95-3/5774</subfield>
    <subfield code="o">0</subfield>
    <subfield code="r">BOOK</subfield>
    <subfield code="s">9535774_</subfield>
  </datafield>
</record>
